000 00423nam a22001457a 4500
003 OSt
005 20260310165126.0
008 260310b |||||||| |||| 00| 0 eng d
020 _a9783763344369
040 _ca
245 _aNorwegen Mitte
_bVon Geiranger bis Trondheim und zum Borgefjell
_cBernhard Pollmann
260 _aMünchen
_bBergverlag Rother GmbH
_c2016
630 _aWanderbuch
_lDeutsch
_zNorwegen
942 _2z
_cBK
_n0
999 _c1314
_d1314